000 01876cam a2200457 i 4500
001 23147555
003 BJBSDDR
005 20250530150846.0
006 a|||||r|||| 00| 0
007 ta
008 230528s2023 nyu rb 001 0 eng
010 _a 2023018730
020 _a9780374238766 (hardcover)
020 _a0374238766 (hardcover)
040 _aLBSOR
_beng
_erda
_cLBSOR
_dDLC
041 _aeng
042 _apcc
050 1 4 _aQC 174.13
_bM989p 2023
100 1 _aMusser, George,
_d1965-
_942370
245 1 0 _aPutting ourselves back in the equation :
_bwhy physicists are studying human consciousness and AI to unravel the mysteries of the universe /
_cGeorge Musser.
264 1 _aNew York :
_bFarrar, Straus and Giroux,
_c2023.
300 _a9 unnumbered pages, 321 pages :
_billustrations ;
_c24 cm
336 _atext
_btxt
_2rdacontent
337 _aunmediated
_bn
_2rdamedia
338 _avolume
_bnc
_2rdacarrier
504 _aIncludes bibliographical references (pages 253-299) and index.
505 0 _aThe twin hard problems -- The neural network revolution -- Physics of the mind -- The quantum brain -- Physics in the first person -- Mind and the universe -- Levels of reality -- Time and space -- Epilogue : is it really so hard?
520 _a"An exploration of the interconnections between quantum mechanics, cosmology, and neuroscience"--
_cProvided by publisher.
650 0 _aNeurosciences.
650 4 _aNeurociencias
_92722
650 0 _aBiophysics.
650 0 _aBiofísica
_942435
650 0 _aQuantum theory.
650 4 _aTeoría cuántica
_96387
650 0 _aCosmology.
650 4 _aCosmología
_96079
906 _a7
_bcbc
_corignew
_d1
_eecip
_f20
_gy-gencatlg
942 _2lcc
_cBK
946 _iLLH
999 _c123648
_d123648